01415nam a22003737a 4500003000500000005001700005008004100022010000900063011000900072035000900081040000900090090001000099100004400109245017900153260004000332300001900372500001000391502007700401590003700478590004100515590004100556590004100597590004200638650003600680650003200716650003100748650002600779650003600805901000700841942001000848949004100858999001500899952012700914CHAP20220329133421.0971013s1991 r 00010 d a6132 a7104 a6327 cCHAP aTesis00aMoreno Pérez, Esau del Carmen.978678 aRelación de fertilidad de polen y morfología de estigmas con la tolerancia a frío y la ubicación de las flores en la panícula de sorgo (Sorghum bicolor (L.) Moench) aChapingo, Méx. :bEl autor,c1991 a93 h.b: ilus. a61-23 aTesis (Ing. Agr. Esp. en Fitotecnia) -- UACH. Departamento de Fitotecnia aALEPHb10c20130110lUCH01h1217 aBATCH-UPDb10c20130110lUCH01h1943 aBATCH-UPDb10c20130410lUCH01h1306 aBATCH-UPDb10c20130914lUCH01h1444 aCONVERSIONb10c20130109lUCH01h130414aFríoxEfecto en sorgo.94354414aPolenxMorfología.99021114aSorgoxHíbridos.910868114aSorgoxPolen.910870614aSorgozMéxico (Edo.).9108740 aBK cTESIS bBCcTESd-15928eTS1h25356i6327si c6132d6132 00102local4051708TESISaBCbBCcPA_TESISd2019-12-31fTESISl0oTesisp-15928r2019-12-31 00:00:00w2019-12-31yTESIS